[Event "BIH-chT (Women)"]
[Site "Jahorina"]
[Date "2003.06.22"]
[Round "1"]
[White "Benderac, Ana"]
[Black "Ivanovic, Jelena"]
[Result "1-0"]
[WhiteElo "2281"]
[BlackElo "2169"]
[PlyCount "53"]
[EventDate "2003.06.22"]
[EventType "team"]
[EventRounds "5"]
[EventCountry "BIH"]
[SourceTitle "CBM 094 Extra"]
[Source "ChessBase"]
[SourceDate "2003.07.09"]
[SourceVersion "2"]
[SourceVersionDate "2003.07.09"]
[SourceQuality "1"]

1. d4 Nf6 2. Nc3 g6 3. e4 d6 4. f3 Bg7 5. Be3 c6 6. Qd2 a6 7. 0-0-0 b5 8. Bh6 0-0 9. h4 Qc7 10. h5 e5 11. g4 a5 12. dxe5 dxe5 13. a4 Ba6 14. axb5 cxb5 15. hxg6 fxg6 16. g5 Nfd7 17. Qd5+ Kh8 18. Bxg7+ Kxg7 19. Qxa8 Nb6 20. Nd5 Nxa8 21. Nxc7 Nxc7 22. Rd6 Rf7 23. Be2 Nd7 24. Rc6 Nf8 25. Rc5 Re7 26. Nh3 Kf7 27. Nf2 1-0

[Event "Olympiad Women-35"]
[Site "Bled"]
[Date "2002.10.29"]
[Round "4.3"]
[White "Frometa Castillo, Zirka"]
[Black "Ivanovic, Jelena"]
[Result "1/2-1/2"]
[WhiteElo "2248"]
[BlackElo "2041"]
[PlyCount "126"]
[EventDate "2002.10.26"]
[EventType "team-swiss"]
[EventRounds "14"]
[EventCountry "SLO"]
[SourceTitle "EXT 2003"]
[Source "ChessBase"]
[SourceDate "2002.11.25"]
[SourceVersion "1"]
[SourceVersionDate "2002.11.25"]
[SourceQuality "1"]
[WhiteTeam "Cuba (W)"]
[BlackTeam "Bosnia&Herzegovina (W)"]
[WhiteTeamCountry "CUB"]
[BlackTeamCountry "BIH"]

1. d4 Nf6 2. e3 g6 3. Nf3 Bg7 4. Be2 0-0 5. c4 d6 6. Nc3 Nbd7 7. 0-0 e5 8. Qc2 Re8 9. b3 c6 10. Ba3 Bf8 11. Rad1 Qc7 12. h3 e4 13. Nd2 d5 14. Bxf8 Nxf8 15. Rc1 Qd8 16. b4 Ne6 17. f4 Ng7 18. Rfe1 Be6 19. cxd5 cxd5 20. Nb3 b6 21. Ba6 Bc8 22. Bf1 Be6 23. Nb5 Rc8 24. Nc7 Rf8 25. Ba6 Rb8 26. Qd2 Nfe8 27. Nxe6 Nxe6 28. Bf1 Nd6 29. Rc2 Rc8 30. Rec1 Qd7 31. Rxc8 Rxc8 32. Rxc8+ Qxc8 33. Qc1 Qxc1 34. Nxc1 Nc7 35. Ne2 Nc4 36. Kf2 Nd2 37. Nc3 Nxf1 38. Kxf1 Kf8 39. b5 Ke7 40. Kf2 Ke6 41. Kg3 Ne8 42. Kf2 Nc7 43. g4 f5 44. a4 h6 45. Kg3 Kf6 46. Na2 a5 47. bxa6 Nxa6 48. Nc3 Nc7 49. Na2 Na6 50. Kf2 Ke6 51. gxf5+ gxf5 52. Kg3 Kf6 53. Kh4 Kg6 54. Nc3 Nc7 55. Nb1 Na6 56. Nc3 Nc7 57. Kg3 Kf6 58. Kf2 Kg6 59. Kg3 Kf6 60. Na2 Na6 61. Kh4 Kg6 62. Nc3 Nc7 63. Na2 Na6 1/2-1/2

[Event "EU-Cup (Women) 06th"]
[Site "Belgrade"]
[Date "2001.09.22"]
[Round "7"]
[White "Peptan, Corina Isabela"]
[Black "Ivanovic, Jelena"]
[Result "1-0"]
[WhiteElo "2460"]
[BlackElo "2061"]
[PlyCount "53"]
[EventDate "2001.09.16"]
[EventType "team-swiss"]
[EventRounds "7"]
[EventCountry "YUG"]
[SourceTitle "EXT 2013"]
[Source "ChessBase"]
[SourceDate "2012.11.22"]
[SourceVersion "1"]
[SourceVersionDate "2012.11.22"]
[SourceQuality "1"]
[WhiteTeam "Timisoara Luxten (W)"]
[BlackTeam "Sarajevo Slavija (W)"]
[WhiteTeamCountry "ROU"]
[BlackTeamCountry "BIH"]

1. e4 d6 2. d4 g6 3. Nc3 Bg7 4. Be3 Nd7 5. Qd2 a6 6. h4 h6 7. 0-0-0 b5 8. f3 Nb6 9. d5 Bb7 10. Bd4 Nf6 11. h5 g5 12. Qf2 Rg8 13. Nge2 Qd7 14. Ng3 b4 15. Nb1 Na4 16. Nf5 e5 17. dxe6 fxe6 18. Nxg7+ Qxg7 19. b3 Nc3 20. Nxc3 bxc3 21. Qe1 Qf7 22. g4 0-0-0 23. Qxc3 Nd7 24. Be2 c5 25. Kb1 Kb8 26. Bg1 Ne5 27. Bxc5 1-0

[Event "YUG-ch (Women) 54th"]
[Site "Herceg Novi"]
[Date "2001.04.07"]
[Round "14"]
[White "Urosevic, Marija"]
[Black "Ivanovic, Jelena"]
[Result "1/2-1/2"]
[WhiteElo "2069"]
[BlackElo "2092"]
[PlyCount "151"]
[EventDate "2001.03.23"]
[EventType "tourn"]
[EventRounds "15"]
[EventCountry "YUG"]
[SourceTitle "CBM 081 Extra"]
[Source "ChessBase"]
[SourceDate "2001.05.06"]
[SourceVersion "1"]
[SourceVersionDate "2001.05.06"]
[SourceQuality "1"]

1. d4 Nf6 2. c4 g6 3. Nc3 Bg7 4. e4 d6 5. f3 c6 6. Bg5 a6 7. a4 0-0 8. Qd2 e5 9. d5 c5 10. Nge2 h5 11. Nc1 Qc7 12. Bd3 Nh7 13. Be3 Qe7 14. 0-0 f5 15. exf5 gxf5 16. Qc2 Bh8 17. Kh1 a5 18. N1a2 Na6 19. Rae1 Bd7 20. b3 Rf7 21. Bd2 Qf6 22. Ne2 Nb4 23. Nxb4 axb4 24. Rg1 Re8 25. Ref1 Kf8 26. Qc1 Ke7 27. Qe1 Kd8 28. Ng3 Qg6 29. Qb1 Rg8 30. Ne2 Qf6 31. g4 hxg4 32. fxg4 Qh4 33. Bxf5 Bxf5 34. gxf5 Rgf8 35. Qd3 Kc7 36. Be1 Qe7 37. Ng3 Nf6 38. Ne4 Nxe4 39. Qxe4 Bf6 40. Bg3 Rh7 41. Rg2 Rh5 42. Rgf2 Qh7 43. Qc2 Rg8 44. Rg2 Rgg5 45. Rff2 Rxf5 46. Rxf5 Qxf5 47. Qxf5 Rxf5 48. Rf2 Rxf2 49. Bxf2 Kd7 50. Kg2 Ke7 51. Kf3 Bg5 52. Kg4 Kf6 53. h4 Bh6 54. Bg3 Bd2 55. h5 Bg5 56. a5 Bh6 57. Bh4+ Kf7 58. Kf5 Bd2 59. Bd8 Bc1 60. Bh4 Be3 61. Bg3 Bh6 62. Bxe5 dxe5 63. Kxe5 Bf8 64. d6 Ke8 65. Kd5 Kd7 66. h6 Bxh6 67. Kxc5 Bg5 68. Kxb4 Kxd6 69. Kb5 Be3 70. b4 Bd2 71. Ka4 Be1 72. b5 Kc5 73. a6 bxa6 74. bxa6 Kb6 75. c5+ Kxa6 76. c6 1/2-1/2

[Event "YUG-ch (Women) 54th"]
[Site "Herceg Novi"]
[Date "2001.04.02"]
[Round "10"]
[White "Grujic, Danijela"]
[Black "Ivanovic, Jelena"]
[Result "1/2-1/2"]
[WhiteElo "2185"]
[BlackElo "2092"]
[PlyCount "143"]
[EventDate "2001.03.23"]
[EventType "tourn"]
[EventRounds "15"]
[EventCountry "YUG"]
[SourceTitle "CBM 081 Extra"]
[Source "ChessBase"]
[SourceDate "2001.05.06"]
[SourceVersion "1"]
[SourceVersionDate "2001.05.06"]
[SourceQuality "1"]

1. e4 d6 2. d4 Nf6 3. Nc3 g6 4. g3 Bg7 5. Bg2 0-0 6. Nge2 e5 7. h3 Nc6 8. Be3 Bd7 9. 0-0 h6 10. f4 exf4 11. gxf4 Nh5 12. Kh2 f5 13. e5 dxe5 14. dxe5 Be6 15. Bf3 Qe7 16. Bxh5 gxh5 17. Rg1 Rad8 18. Qe1 Nb4 19. Qf2 b6 20. Ng3 Kh7 21. Nxh5 Bh8 22. a3 Nd5 23. Nxd5 Rxd5 24. Rad1 Rxd1 25. Rxd1 Rg8 26. Rg1 Rxg1 27. Kxg1 Qd8 28. Kh2 Bf7 29. Ng3 Qd7 30. Qe1 Bg7 31. b4 Bf8 32. Qe2 Be7 33. c3 Bh4 34. Nf1 Qe6 35. Nd2 Qg6 36. Bf2 Be7 37. Qd3 Be8 38. Nb3 Bc6 39. Qg3 Qf7 40. Nd4 Bd5 41. Qd3 Be4 42. Qe2 c5 43. Nf3 Qd5 44. Nd2 Bh1 45. Be3 Qb7 46. Qf1 Bd5 47. Qd3 Kg6 48. c4 Be6 49. bxc5 bxc5 50. Qc3 Qa6 51. Qb3 Kf7 52. a4 Bd7 53. Qb8 Qxa4 54. Qh8 Qc6 55. Qh7+ Ke8 56. Qg8+ Bf8 57. Nb3 Qe6 58. Qg1 Qxc4 59. Qg6+ Kd8 60. Qf6+ Be7 61. Qh8+ Kc7 62. Nc1 Qe4 63. Qg7 Qxe3 64. Qxe7 Qxf4+ 65. Kg2 Qxc1 66. Qd6+ Kc8 67. Qa6+ Kd8 68. Qf6+ Ke8 69. Qg6+ Kf8 70. Qf6+ Ke8 71. Qg6+ Kd8 72. Qf6+ 1/2-1/2

[Event "YUG-chT (Women)"]
[Site "Kragujevac"]
[Date "2000.12.16"]
[Round "6"]
[White "Miloradovic, Jelena"]
[Black "Ivanovic, Jelena"]
[Result "1-0"]
[WhiteElo "2175"]
[BlackElo "2099"]
[PlyCount "81"]
[EventDate "2000.12.11"]
[EventType "team"]
[EventRounds "11"]
[EventCountry "YUG"]
[SourceTitle "CBM 079 Extra"]
[Source "ChessBase"]
[SourceDate "2001.01.11"]
[SourceVersion "2"]
[SourceVersionDate "2001.01.25"]
[SourceQuality "1"]

1. c4 e5 2. Nc3 Nc6 3. Nf3 g6 4. d4 exd4 5. Nxd4 Bg7 6. Nxc6 bxc6 7. Qc2 d6 8. b3 Bf5 9. e4 Qe7 10. f3 Bd7 11. Bb2 Nf6 12. 0-0-0 0-0 13. c5 d5 14. exd5 Qe3+ 15. Kb1 Qxc5 16. dxc6 Bxc6 17. Bc4 a5 18. Rhe1 Rfe8 19. Na4 Qf8 20. Bxf7+ Qxf7 21. Qxc6 Rad8 22. Rxe8+ Rxe8 23. Nc3 h6 24. Qb5 Nh5 25. Qxa5 Nf4 26. Rd2 Re1+ 27. Kc2 Ne6 28. Ne4 Rh1 29. Bxg7 Qxg7 30. Qd5 Qe7 31. Qe5 Kf7 32. Nf2 Rg1 33. Ng4 h5 34. Ne3 Qc5+ 35. Qxc5 Nxc5 36. Rd1 Rxd1 37. Nxd1 Ne6 38. Ne3 Nf4 39. Kc3 Ke6 40. a4 Ke5 41. a5 1-0

[Event "YUG-chT (Women)"]
[Site "Kragujevac"]
[Date "2000.12.15"]
[Round "5"]
[White "Ivanovic, Jelena"]
[Black "Zivkovic, Vesna"]
[Result "0-1"]
[WhiteElo "2099"]
[BlackElo "2171"]
[PlyCount "90"]
[EventDate "2000.12.11"]
[EventType "team"]
[EventRounds "11"]
[EventCountry "YUG"]
[SourceTitle "CBM 079 Extra"]
[Source "ChessBase"]
[SourceDate "2001.01.11"]
[SourceVersion "2"]
[SourceVersionDate "2001.01.25"]
[SourceQuality "1"]

1. e4 c5 2. c3 Nf6 3. e5 Nd5 4. d4 cxd4 5. Nf3 Nc6 6. Bc4 Nb6 7. Bb3 d5 8. cxd4 Bg4 9. Be3 e6 10. 0-0 Be7 11. Nc3 0-0 12. h3 Bh5 13. g4 Bg6 14. Ne2 Nc4 15. Bxc4 dxc4 16. Nf4 Nb4 17. Nxg6 hxg6 18. Nd2 b5 19. b3 c3 20. Ne4 Nd5 21. a3 a5 22. Qd3 b4 23. a4 Rc8 24. Rac1 Qb6 25. Rc2 Rfd8 26. Ng3 Bh4 27. Ne2 g5 28. Qe4 Qc6 29. Qg2 Rf8 30. Nc1 Qa6 31. Rd1 f5 32. gxf5 Rxf5 33. Nd3 Nf4 34. Bxf4 gxf4 35. Qf3 Qc6 36. Qxc6 Rxc6 37. Nc5 Be7 38. Ne4 Rc8 39. f3 Rd8 40. Nf2 Rg5+ 41. Ng4 Bc5 42. Re2 Rxd4 43. Rxd4 Bxd4+ 44. Kf1 Rh5 45. Kg2 Kf7 0-1

[Event "YUG-chT (Women)"]
[Site "Kragujevac"]
[Date "2000.12.13"]
[Round "3"]
[White "Petrovic, Marija"]
[Black "Ivanovic, Jelena"]
[Result "1-0"]
[WhiteElo "2231"]
[BlackElo "2099"]
[PlyCount "106"]
[EventDate "2000.12.11"]
[EventType "team"]
[EventRounds "11"]
[EventCountry "YUG"]
[SourceTitle "CBM 079 Extra"]
[Source "ChessBase"]
[SourceDate "2001.01.11"]
[SourceVersion "2"]
[SourceVersionDate "2001.01.25"]
[SourceQuality "1"]

1. d4 Nf6 2. Nf3 g6 3. Nc3 Bg7 4. e4 d6 5. Be2 0-0 6. 0-0 Nbd7 7. h3 e5 8. dxe5 dxe5 9. Be3 c6 10. a4 Qe7 11. Qd3 Nh5 12. Qc4 Nf4 13. a5 Re8 14. Rfd1 Bf8 15. Bf1 Nf6 16. Qa4 h6 17. Nd2 Be6 18. Nc4 Bxc4 19. Qxc4 Red8 20. Rxd8 Qxd8 21. a6 Qc8 22. Bxf4 exf4 23. e5 Nd5 24. Nxd5 cxd5 25. Qxd5 b6 26. Bc4 Qe8 27. Re1 Rd8 28. Qe4 g5 29. Bd3 Bg7 30. h4 Qe7 31. hxg5 hxg5 32. Qh7+ Kf8 33. Qf5 Rd4 34. Qc8+ Rd8 35. Qh3 Rd5 36. e6 Re5 37. Rxe5 Bxe5 38. exf7 Kxf7 39. Qf5+ Bf6 40. Qg6+ Kf8 41. Bc4 Bg7 42. Qf5+ Bf6 43. Qd5 Kg7 44. Qg8+ Kh6 45. Bd3 Qg7 46. Qc8 Qe7 47. b3 Kg7 48. Kh2 Kh6 49. Qf5 Kg7 50. Kh3 Kf8 51. Kg4 Kg7 52. Qg6+ Kf8 53. f3 Qg7 1-0

[Event "YUG-chT (Women)"]
[Site "Kragujevac"]
[Date "2000.12.12"]
[Round "2"]
[White "Ivanovic, Jelena"]
[Black "Stepovaia, Tatiana"]
[Result "0-1"]
[WhiteElo "2099"]
[BlackElo "2414"]
[PlyCount "88"]
[EventDate "2000.12.11"]
[EventType "team"]
[EventRounds "11"]
[EventCountry "YUG"]
[SourceTitle "CBM 079 Extra"]
[Source "ChessBase"]
[SourceDate "2001.01.11"]
[SourceVersion "2"]
[SourceVersionDate "2001.01.25"]
[SourceQuality "1"]

1. e4 d6 2. d4 Nf6 3. Nc3 e5 4. dxe5 dxe5 5. Qxd8+ Kxd8 6. Nf3 Bd6 7. Bc4 Be6 8. Bxe6 fxe6 9. 0-0 Nc6 10. Bg5 a6 11. Rad1 Ke7 12. Ne2 h6 13. Bxf6+ gxf6 14. c3 Rag8 15. b4 Nd8 16. Nd2 Nf7 17. Rb1 Ng5 18. Kh1 Rd8 19. Rb2 h5 20. Ng1 Kf7 21. Ngf3 Nxf3 22. Nxf3 Bf8 23. g3 Rd3 24. Kg2 Rxc3 25. b5 axb5 26. Rxb5 b6 27. Rb2 Bd6 28. Re1 Rd8 29. Ree2 Ba3 30. Rbc2 Rxc2 31. Rxc2 c5 32. Nd2 Bb4 33. Nc4 b5 34. Ne3 Rb8 35. Nd1 c4 36. Kf1 Bc5 37. Ke2 Bd4 38. a4 bxa4 39. Rxc4 Ra8 40. Rc2 a3 41. Ra2 Ke7 42. f3 Kd6 43. Kd3 Kc5 44. h3 Kb4 0-1

[Event "Banja Dvorovi (Women)"]
[Site "Banja Dvorovi"]
[Date "2000.05.11"]
[Round "5"]
[White "Rodic Kures, Gordana"]
[Black "Ivanovic, Jelena"]
[Result "0-1"]
[WhiteElo "2045"]
[BlackElo "2078"]
[PlyCount "63"]
[EventDate "2000.05.06"]
[EventType "tourn"]
[EventRounds "9"]
[EventCountry "YUG"]
[SourceTitle "CBM 076 Extra"]
[Source "ChessBase"]
[SourceDate "2000.07.11"]
[SourceVersion "1"]
[SourceVersionDate "2000.07.11"]
[SourceQuality "1"]

1. Nf3 Nf6 2. b3 g6 3. Bb2 Bg7 4. g3 0-0 5. Bg2 d6 6. d4 Nbd7 7. 0-0 c6 8. c4 Re8 9. Qc1 e5 10. dxe5 dxe5 11. Rd1 Qc7 12. Nc3 Nc5 13. b4 Ne6 14. Na4 Nd7 15. a3 Nb6 16. Nxb6 axb6 17. Qe3 f6 18. Rac1 c5 19. Rd5 Qe7 20. bxc5 Nxc5 21. Rcd1 Be6 22. Rd6 Qc7 23. Qc1 Bf8 24. R6d5 Bxd5 25. cxd5 Rec8 26. Bh3 Rd8 27. Qe3 Qf7 28. Qd2 Rd6 29. e4 Nxe4 30. Qe2 Rxd5 31. Ne1 Nc5 32. Bg2 0-1

[Event "Banja Dvorovi (Women)"]
[Site "Banja Dvorovi"]
[Date "2000.05.09"]
[Round "4"]
[White "Ivanovic, Jelena"]
[Black "Petronic, Sanja"]
[Result "0-1"]
[WhiteElo "2078"]
[BlackElo "2203"]
[PlyCount "62"]
[EventDate "2000.05.06"]
[EventType "tourn"]
[EventRounds "9"]
[EventCountry "YUG"]
[SourceTitle "CBM 076 Extra"]
[Source "ChessBase"]
[SourceDate "2000.07.11"]
[SourceVersion "1"]
[SourceVersionDate "2000.07.11"]
[SourceQuality "1"]

1. e4 e5 2. Nf3 Nc6 3. d4 exd4 4. Nxd4 Nf6 5. Nxc6 bxc6 6. Bd3 d5 7. exd5 cxd5 8. Bb5+ Bd7 9. Bxd7+ Qxd7 10. 0-0 Be7 11. Nd2 0-0 12. Nf3 Bd6 13. b3 Rfe8 14. Bb2 Ne4 15. Qd4 Nf6 16. Rfe1 Qf5 17. Qh4 Ne4 18. Nd4 Qg6 19. f3 Be7 20. Qf4 Nd6 21. Qd2 Bf6 22. Bc3 c5 23. Ne2 d4 24. Bb2 Bg5 25. Qd3 Be3+ 26. Kh1 Nf5 27. Bc1 Bf2 28. Bf4 Bxe1 29. Rxe1 Ne3 30. Bxe3 Qxd3 31. cxd3 Rxe3 0-1

[Event "Banja Dvorovi (Women)"]
[Site "Banja Dvorovi"]
[Date "2000.05.06"]
[Round "1"]
[White "Ivanovic, Jelena"]
[Black "Bollengier, Andreea"]
[Result "1-0"]
[WhiteElo "2078"]
[BlackElo "2230"]
[PlyCount "66"]
[EventDate "2000.05.06"]
[EventType "tourn"]
[EventRounds "9"]
[EventCountry "YUG"]
[SourceTitle "CBM 076 Extra"]
[Source "ChessBase"]
[SourceDate "2000.07.11"]
[SourceVersion "1"]
[SourceVersionDate "2000.07.11"]
[SourceQuality "1"]

1. e4 c5 2. c3 e5 3. Nf3 Nc6 4. d4 cxd4 5. cxd4 exd4 6. Nxd4 Nf6 7. Nxc6 dxc6 8. Qxd8+ Kxd8 9. Nc3 Bb4 10. Bg5 h6 11. 0-0-0+ Ke7 12. Bxf6+ gxf6 13. Bc4 b5 14. Bxb5 Bxc3 15. Bxc6 Bxb2+ 16. Kxb2 Rb8+ 17. Ka1 Rg8 18. g3 Bg4 19. Rd2 Rbc8 20. Bd5 Rgd8 21. Rb1 Rc7 22. Rdb2 Bf3 23. Rb7 Rdd7 24. Rxc7 Rxc7 25. Rb3 Bg2 26. Kb2 f5 27. f3 Kf6 28. exf5 Kxf5 29. Rb7 Rxb7+ 30. Bxb7 Bf1 31. Kc3 Ke5 32. f4+ Kf5 33. Kd4 Ke6 1-0

[Event "YUG-ch (Women) 53th"]
[Site "Herceg Novi"]
[Date "2000.04.20"]
[Round "10"]
[White "Chelushkina, Irina"]
[Black "Ivanovic, Jelena"]
[Result "1-0"]
[WhiteElo "2398"]
[BlackElo "2078"]
[PlyCount "85"]
[EventDate "2000.04.16"]
[EventType "tourn"]
[EventRounds "13"]
[EventCountry "YUG"]
[SourceTitle "CBM 075 Extra"]
[Source "ChessBase"]
[SourceDate "2000.05.11"]
[SourceVersion "2"]
[SourceVersionDate "2000.05.11"]
[SourceQuality "1"]

1. g3 Nf6 2. Bg2 d6 3. e4 g6 4. Ne2 e5 5. 0-0 Bg7 6. d4 0-0 7. Nbc3 Nc6 8. dxe5 dxe5 9. Nd5 Ne7 10. c4 c6 11. Nxf6+ Bxf6 12. Qc2 Be6 13. Be3 Bg7 14. Rfd1 Qc7 15. Bc5 Rfd8 16. a4 b6 17. Be3 Rxd1+ 18. Rxd1 Rd8 19. Re1 f5 20. c5 fxe4 21. Bxe4 Bd5 22. Nc3 Bxe4 23. Nxe4 Nd5 24. Qc4 Kh8 25. cxb6 axb6 26. Bg5 Rd7 27. Rc1 h6 28. Bd2 c5 29. a5 bxa5 30. Qa6 Qb6 31. Qxb6 Nxb6 32. Bxa5 Na4 33. b3 Ra7 34. Bd2 Nb6 35. Rxc5 Ra1+ 36. Kg2 Rb1 37. Rb5 Nd7 38. b4 Nf8 39. Rb8 Kh7 40. Nc5 g5 41. h3 Ng6 42. Rb7 Kg8 43. b5 1-0

[Event "YUG-ch (Women) 53th"]
[Site "Herceg Novi"]
[Date "2000.04.10"]
[Round "2"]
[White "Benderac, Ana"]
[Black "Ivanovic, Jelena"]
[Result "0-1"]
[WhiteElo "2228"]
[BlackElo "2078"]
[PlyCount "124"]
[EventDate "2000.04.16"]
[EventType "tourn"]
[EventRounds "13"]
[EventCountry "YUG"]
[SourceTitle "CBM 075 Extra"]
[Source "ChessBase"]
[SourceDate "2000.05.11"]
[SourceVersion "2"]
[SourceVersionDate "2000.05.11"]
[SourceQuality "1"]

1. e4 d6 2. d4 Nf6 3. Nc3 g6 4. f3 c6 5. Be3 Nbd7 6. Nh3 e5 7. dxe5 dxe5 8. Bc4 Bg7 9. Qd2 0-0 10. 0-0-0 b5 11. Bb3 Qe7 12. Qd6 Qxd6 13. Rxd6 Bb7 14. Rhd1 Nb6 15. Bg5 Ne8 16. R6d3 Nf6 17. Rd6 Ne8 18. Rd8 Rxd8 19. Bxd8 Nf6 20. Ng5 Nc4 21. Bxc4 bxc4 22. Rd6 Nh5 23. g4 Nf4 24. Be7 Re8 25. Rd7 Bc8 26. Rc7 h6 27. Nxf7 Kxf7 28. Bd8+ Kg8 29. Rxc8 Ne6 30. Rxc6 Nxd8 31. Rc8 Rf8 32. Nd5 Ne6 33. Rxc4 Rxf3 34. b4 Rf7 35. a4 Nf4 36. Rc8+ Bf8 37. Nc7 Kh7 38. c3 Nd3+ 39. Kc2 Nf2 40. Ne6 Bg7 41. c4 Nxe4 42. c5 Re7 43. Nd8 Ng5 44. Nc6 Rb7 45. b5 Ne6 46. Nd8 Nd4+ 47. Kd3 Re7 48. Ke4 Nb3 49. c6 Nc5+ 50. Kd5 Nxa4 51. Kd6 Bf6 52. Ne6 e4 53. Rf8 Bh4 54. g5 Rxe6+ 55. Kxe6 e3 56. c7 Nb6 57. Rf7+ Kg8 58. Ke7 Nd5+ 59. Ke8 Nxc7+ 60. Rxc7 e2 61. Re7 e1Q 62. Rxe1 Bxe1 0-1

[Event "YUG-ch (Women) 53th"]
[Site "Herceg Novi"]
[Date "2000.04.09"]
[Round "1"]
[White "Petrovic, Marija"]
[Black "Ivanovic, Jelena"]
[Result "1/2-1/2"]
[WhiteElo "2281"]
[BlackElo "2078"]
[PlyCount "129"]
[EventDate "2000.04.16"]
[EventType "tourn"]
[EventRounds "13"]
[EventCountry "YUG"]
[SourceTitle "CBM 075 Extra"]
[Source "ChessBase"]
[SourceDate "2000.05.11"]
[SourceVersion "2"]
[SourceVersionDate "2000.05.11"]
[SourceQuality "1"]

1. d4 Nf6 2. Nf3 g6 3. c3 Bg7 4. Bg5 d6 5. Nbd2 0-0 6. e3 Nbd7 7. Bc4 e5 8. 0-0 h6 9. Bh4 g5 10. dxe5 Nxe5 11. Nxe5 dxe5 12. Bg3 Qe7 13. e4 Rd8 14. Qe2 Bg4 15. Qe3 Nh5 16. Nb3 Nf4 17. f3 Be6 18. Bxe6 Qxe6 19. Rfd1 Qb6 20. Bf2 Qxe3 21. Bxe3 b6 22. Bxf4 gxf4 23. Kf1 Kf8 24. Ke2 Ke7 25. a4 a5 26. Nd2 Ke6 27. Nc4 Bf8 28. Rxd8 Rxd8 29. Rd1 Rb8 30. g3 fxg3 31. hxg3 Bc5 32. Rh1 Rh8 33. Rh5 f6 34. f4 exf4 35. gxf4 Bg1 36. Kf3 Rh7 37. f5+ Ke7 38. e5 Bc5 39. Ke4 fxe5 40. Nxe5 Kd8 41. f6 Bd6 42. Ng4 Bf8 43. Kf5 Rd7 44. Kg6 Rd2 45. Kf7 Bd6 46. Nxh6 Rxb2 47. Nf5 Ba3 48. Ke6 Re2+ 49. Kd5 c6+ 50. Kc4 Ke8 51. Nd4 Rf2 52. Rh8+ Kf7 53. Nxc6 Kxf6 54. Re8 Bc5 55. Re1 Ra2 56. Kb5 Rb2+ 57. Ka6 Rb3 58. Rf1+ Ke6 59. Rf3 Kd5 60. Kb7 Ra3 61. c4+ Kxc4 62. Rxa3 Bxa3 63. Kxb6 Bb4 64. Nb8 Kd5 65. Na6 1/2-1/2

[Event "YUG-chT (Women)"]
[Site "Vrnjacka Banja"]
[Date "1999.??.??"]
[Round "4"]
[White "Ivanovic, Jelena"]
[Black "Jovanovic, Slavojka"]
[Result "1/2-1/2"]
[WhiteElo "2054"]
[BlackElo "2055"]
[PlyCount "147"]
[EventDate "1999.08.??"]
[EventType "team"]
[EventRounds "9"]
[EventCountry "YUG"]
[SourceTitle "EXT 2000"]
[Source "ChessBase"]
[SourceDate "1999.11.16"]
[SourceVersion "1"]
[SourceVersionDate "1999.11.16"]
[SourceQuality "1"]

1. e4 d6 2. d4 g6 3. Nc3 Bg7 4. f4 Nf6 5. Nf3 0-0 6. Be2 c6 7. 0-0 Nbd7 8. Kh1 Qc7 9. e5 Ne8 10. Be3 f6 11. Bc4+ d5 12. Bd3 Nb6 13. Qe2 Bg4 14. h3 Bxf3 15. Rxf3 f5 16. Rg1 e6 17. g4 Qe7 18. gxf5 exf5 19. Rfg3 Nc7 20. Qh2 Qh4 21. Ne2 Ne6 22. Rf3 Rf7 23. Bf2 Qh5 24. Rfg3 Nc4 25. Bxc4 dxc4 26. Be3 Rd8 27. c3 Bf8 28. b3 cxb3 29. axb3 Be7 30. Qg2 Bh4 31. Rf3 Rfd7 32. Rff1 Kf7 33. c4 Be7 34. Ra1 a6 35. Rgf1 Bb4 36. Rfc1 Qh6 37. Rf1 Bf8 38. Qf3 Be7 39. Rfd1 Nxd4 40. Rxd4 Rxd4 41. Nxd4 Bc5 42. Ne2 Bb4 43. Kh2 Rd3 44. Nc1 Rc3 45. Na2 Rxb3 46. Nxb4 Rxb4 47. c5 Qh4 48. Qd1 Ke8 49. Qd2 Rb5 50. Rd1 Qe7 51. Qd6 Qxd6 52. exd6 Kd7 53. Re1 b6 54. cxb6 Kxd6 55. Rd1+ Ke7 56. Ra1 a5 57. Kg3 Kd7 58. Rd1+ Kc8 59. Rd6 c5 60. Rc6+ Kb7 61. Rxc5 Kxb6 62. Rxb5+ Kxb5 63. Bd4 Kc4 64. Bg7 a4 65. Kh4 Kd3 66. Kg5 Ke4 67. Bf8 Kf3 68. h4 Kg3 69. Bd6 Kh3 70. h5 Kg3 71. hxg6 hxg6 72. Kxg6 Kg4 73. Kf6 a3 74. Bxa3 1/2-1/2

[Event "YUG-chT (Women)"]
[Site "Vrnjacka Banja"]
[Date "1999.??.??"]
[Round "2"]
[White "Ivanovic, Jelena"]
[Black "Rajkovic, Dragana"]
[Result "1-0"]
[WhiteElo "2054"]
[BlackElo "2078"]
[PlyCount "51"]
[EventDate "1999.08.??"]
[EventType "team"]
[EventRounds "9"]
[EventCountry "YUG"]
[SourceTitle "EXT 2000"]
[Source "ChessBase"]
[SourceDate "1999.11.16"]
[SourceVersion "1"]
[SourceVersionDate "1999.11.16"]
[SourceQuality "1"]

1. e4 c5 2. c3 Nf6 3. e5 Nd5 4. d4 cxd4 5. Nf3 e6 6. cxd4 d6 7. Bc4 Nc6 8. 0-0 dxe5 9. dxe5 Bc5 10. Qe2 a6 11. Rd1 b5 12. Bg5 Be7 13. Bxd5 exd5 14. Bxe7 Nxe7 15. Nc3 Be6 16. Ne4 0-0 17. Nc5 Qb6 18. b4 a5 19. a3 Nc6 20. Ng5 Ra7 21. Qc2 g6 22. Ngxe6 fxe6 23. Nxe6 Re8 24. Nf4 Rxe5 25. Nxd5 Qb7 26. Nf6+ 1-0

[Event "YUG-ch sf (Women)"]
[Site "Belgrade"]
[Date "1999.??.??"]
[Round "8"]
[White "Ivanovic, Jelena"]
[Black "Von Wantoch Rekowski, Danijela"]
[Result "0-1"]
[WhiteElo "2046"]
[BlackElo "2083"]
[PlyCount "72"]
[EventDate "1999.??.??"]
[EventType "swiss"]
[EventRounds "11"]
[EventCountry "YUG"]
[SourceTitle "EXT 2002"]
[Source "ChessBase"]
[SourceDate "2001.11.25"]
[SourceVersion "1"]
[SourceVersionDate "2001.11.25"]
[SourceQuality "1"]

1. e4 c5 2. c3 Nf6 3. e5 Nd5 4. d4 cxd4 5. Nf3 Nc6 6. cxd4 d6 7. exd6 Qxd6 8. Nc3 Bg4 9. Nxd5 Qxd5 10. Be2 e6 11. 0-0 Be7 12. Be3 0-0 13. Qa4 a6 14. h3 Bh5 15. Rac1 b5 16. Qd1 Rac8 17. a4 Nb4 18. axb5 axb5 19. g4 Bg6 20. Ne5 Bc2 21. Qd2 f6 22. Nd3 Qb3 23. Nc5 Bxc5 24. dxc5 Rfd8 25. Qc3 Qxc3 26. bxc3 Bd3 27. cxb4 Bxe2 28. Rfe1 Bf3 29. Ra1 Rc7 30. Ra5 Bc6 31. Rea1 Rd3 32. R5a3 Rxa3 33. Rxa3 Kf7 34. Ra6 Ke7 35. h4 g6 36. g5 e5 0-1